(Pikmin 3)Les fruits de PNF-404 - Statistiques

Statistiques générales
  • Ce quiz a été pris 39 fois
  • Le résultat moyen est 17 sur 30
Statistiques - réponses
Fruit en français Nom sur PNF-404 % Correct
Fraise Baie ensoleillée
86%
Cerise Grenade de cupidon
82%
Citron Grimacier
77%
Citron vert Grimacier aigri
77%
Prune Petit popotin
77%
Kiwi Délice caché
68%
Pêche Grand popotin
68%
Mangue Cœur de papillon
64%
Banane Croissant dérapant
64%
Pomme Gîte des insecte
64%
Avocat Dur au cœur tendre
59%
Kiwi jaune Imposteur poilu
59%
Pasteque Planète striée
59%
Framboise Apprenti coulis
55%
Figue Bombe de fibre
55%
Carambole Etoile de terre
55%
Raisin Groupement granuleux
55%
Papaye Ruche à pépin
55%
Pitaya Torche fleurie
55%
Poire Douceur de tantine
50%
Melon japonais Lune râpeuse
50%
Raisin noir Pullulement pulpeux
50%
Pamplemousse Eau d’amer
45%
Nefle Goutte de zénith
45%
Mandarine Masse acide
45%
Kumquat Patapouf mal coiffé
45%
Prune japonaise Écrin acerbe
41%
Aubergine Boule ultraviolette
36%
Dekopon Couronne bossue
36%
Poire asiatique Croque-croque
36%
Aucun quiz correspondant
Distribution des résultats
% des personnes avec chaque résultat
Percentile par nombre de réponses
Votre historique - résultats
Vous n’avez pas pris ce quiz